Normal view
MARC view
Entry Personal Name
001 - CONTROL NUMBER
- control field: 164195
003 - CONTROL NUMBER IDENTIFIER
- control field: OSt
005 - DATE AND TIME OF LATEST TRANSACTION
- control field: 20220923220434.0
008 - FIXED-LENGTH DATA ELEMENTS
- fixed length control field: 220923|| aca||aabn | a|a d
040 ## - CATALOGING SOURCE
- Original cataloging agency: OSt
- Transcribing agency: OSt
100 ## - HEADING--PERSONAL NAME
- Personal name: जीड, चार्ल्स; रिस्ट, चार्ल्स
670 ## - SOURCE DATA FOUND
- Source citation: Work cat.: (OSt)339892: जीड, चार्ल्स; रिस्ट, चार्ल्स, आर्थिक विचारों का इतिहास, 1973
